000 00937nam a22002417a 4500
001 47441
003 BD-RjUL
005 20211209054320.0
008 160808s2002 bg ||||| |||| 00| 0 ben d
020 _c: TK 150.00
035 _a(BD-RjUL) 47560
040 _aBD-RjUL
_bben
_cBD-RjUL
041 _aben
082 _223
_a371.3
_bHOS 2002
100 _aহোসাইন, আফজাল
_9144275
245 1 0 _aশিক্ষা ও প্রশিক্ষণ :
_bতা'লিম অয়া তারবিয়াত /
_cআফজাল হোসাইন
260 _aঢাকা :
_bইসলামিক এডুকেশন,
_c২০০২
300 _a৪১৫ পৃ. ;
_c২২ সেমি.
650 _aশিক্ষা পদ্ধতি
_9144260
650 _aMethods of Study
_9144261
700 _aহোসাইন, মোশাররফ, অনুবাদ
_9144276
942 _2ddc
_cBK
_01
999 _c47441
_d47441